000 00658cam a22002531 4500
001 sa 66001335
003 DLC
005 20260227112221.0
008 890602s1962 pk 000 0 arar
010 _asa 66001335
035 _a(OCoLC)19806691
040 _aDLC
_cWaU
_dDLC
041 0 _aaraurd
042 _apremarc
050 0 0 _aBP135.A164
_bU78
100 1 _aNasāʼī, Aḥmad ibn Shuʻayb,
_d830 or 831-915.
245 1 0 _aSunan-i Nisāʼi mutarjam.
260 _c[1962]
300 _a3 v.
_c25 cm.
500 _aIn Arabic; commentary in Urdu.
500 _aText partially vocalized.
650 0 _aHadith.
700 0 _aVaḥīduzzamān̲.
999 _c67731
_d67731